[Event "Sydney International Open 2007"]
[Site "Parramatta"]
[Date "2007.04.12"]
[Round "5"]
[White "Rogers, Ian"]
[Black "Chandler, Murray G"]
[Result "1-0"]
[WhiteElo "2513"]
[BlackElo "2548"]
[WhiteACF "2621"]
[BlackACF "2566"]
1.e4 c5 2.Nf3 d6 3.d4 Nf6 4.Nc3 cxd4 5.Nxd4 Nc6 6.Bg5 e6 7.Qd2 a6 8.O-O-O Bd7 9.f4 h6 10.Bxf6 Qxf6 11.Nf3 Qd8 12.Kb1 Qc7 13.h4 O-O-O 14.Rh3 Kb8 15.g4 Bc8 16.h5 g6 17.hxg6 fxg6 18.Nh4 Rg8 19.f5 gxf5 20.gxf5 d5 21.exd5 exf5 22.Rd3 Ne5 23.d6 Qb6 24.Rd5 Bg7 25.Na4 Qc6 26.Nc5 Bf6 27.Ng2 Nd7 28.Ne6 Rde8 29.Ngf4 Rg1 30.c4 Ne5 31.Nd4 Qd7 32.c5 Nc6 33.Nxc6+ bxc6 34.Rd3 Re4 35.Rb3+ Ka7 36.Nd3 f4 37.Bg2 Rxd1+ 38.Qxd1 Rd4 39.Qf3 Bb7 40.a3 a5 41.Ka1 Ba6 42.Bh3 Qe8 43.d7 Qe4 44.Nf2 Qe1+ 45.Ka2 Bc4 46.Qxc6 Bxb3+ 47.Kxb3 Bd8 48.Bg2 a4+ 49.Ka2

[Event "Sydney International Open 2007"]
[Site "Parramatta"]
[Date "2007.04.12"]
[Round "5"]
[White "Timoshenko, Georgy"]
[Black "Toth, Andras"]
[Result "1-0"]
[WhiteElo "2566"]
[BlackElo "2408"]
[WhiteACF "-"]
[BlackACF "2430"]
1.e4 c5 2.Nf3 e6 3.d4 cxd4 4.Nxd4 Nf6 5.Nc3 d6 6.g4 h6 7.Bg2 a6 8.h3 g5 9.O-O Nbd7 10.Nb3 Ne5 11.f4 gxf4 12.Bxf4 Nfd7 13.a4 b6 14.Ne2 Bb7 15.Ng3 Qc7 16.Nh5 O-O-O 17.Nc1 Be7 18.Nd3 Ng6 19.Bg3 Nde5 20.Ra3 Kb8 21.Rc3 Qd7 22.Nxe5 dxe5 23.Qxd7 Rxd7 24.Rxf7 Rf8 25.Rxf8+ Bxf8 26.Rd3 Bc5+ 27.Kf1 Rxd3 28.cxd3 Bc6 29.b3 Kb7 30.Ke2 Be7 31.Ng7 Bd7 32.Nf5 Bf8 33.Nh4 Nxh4 34.Bxh4 Kc6 35.Kd2 Bb4+ 36.Kc2 Bc5 37.Bf6 Kd6 38.Kd2 Bb4+ 39.Ke2 Ba3 40.Bd8 b5 41.a5 Bc1 42.h4 b4 43.Bf3 Be8 44.h5 Bf4 45.Kf2 Kc5 46.Bb6+ Kd6 47.Be2 Bc6 48.Kf3 Bg5 49.d4 Bb7 50.Bc5+ Kc6 51.Bc4 Bc8 52.Bxb4 exd4 53.e5 Kd7 54.Ke4 Be3 55.Bc5 Bb7+ 56.Kd3 Bf3 57.Bxd4 Bxd4 58.Kxd4 Bxg4 59.Bxa6 Bxh5 60.Bb7

[Event "Sydney International Open 2007"]
[Site "Parramatta"]
[Date "2007.04.12"]
[Round "5"]
[White "Matamoros Franco, Carlos S"]
[Black "Garbett, Paul"]
[Result "1/2-1/2"]
[WhiteElo "2523"]
[BlackElo "2313"]
[WhiteACF "-"]
[BlackACF "2394"]
1.Nf3 Nf6 2.c4 d6 3.d4 Nbd7 4.Nc3 c6 5.e4 e5 6.Be2 Be7 7.O-O O-O 8.Be3 a6 9.d5 c5 10.Ne1 Ne8 11.Rb1 Bg5 12.Qd2 Bxe3 13.Qxe3 g6 14.Nd3 Qe7 15.b4 b6 16.Bd1 Ra7 17.Ba4 Nef6 18.Bc6 Qd8 19.a4 Qc7 20.a5 Ng4 21.Qe2 cxb4 22.axb6 Nxb6 23.Rxb4 Nf6 24.Ra1 Bd7 25.Qb2 Na8 26.Bxa8 Rfxa8 27.c5 dxc5 28.Rb6 Bb5 29.Rxf6 Bxd3 30.Rc6 Qe7 31.d6 Qe6 32.Rxc5 Rd7 33.Rd1 Rxd6 34.Nd5 Rb6 35.Qd2 Bc4 36.Rc7 Kg7 37.f4 Qc6

[Event "Sydney International Open 2007"]
[Site "Parramatta"]
[Date "2007.04.12"]
[Round "5"]
[White "Bakre, Tejas"]
[Black "Zhao, Zong-Yuan"]
[Result "1/2-1/2"]
[WhiteElo "2426"]
[BlackElo "2476"]
[WhiteACF "-"]
[BlackACF "2537"]
1.d4 d5 2.Nf3 Nf6 3.e3 e6 4.Bd3 Be7 5.Nbd2 c5 6.b3 O-O 7.O-O b6 8.Bb2 Bb7 9.Ne5 Nbd7 10.f4 Ne4 11.Nxe4 dxe4 12.Bb5 Nf6 13.Bc6 Qc7 14.Bxb7 Qxb7 15.c4 Rad8 16.Qe2 Nd7 17.Rad1 f6 18.Nxd7 Rxd7 19.dxc5 Bxc5 20.Rxd7 Qxd7 21.Rd1 Qc7 22.Bd4 Rd8 23.Bxc5 bxc5 24.Kf2 h6 25.h4 Qa5 26.Rxd8+ Qxd8 27.Ke1 f5 28.g3 Qf6 29.Kf2 Qa1 30.Kg2 Qc1 31.h5 Kf7 32.g4 fxg4 33.Qxg4 Qd2+ 34.Kh1 Qxe3 35.Qg6+ Kf8 36.Qxe6 Qf3+ 37.Kg1 Qg3+ 38.Kh1 Qxf4 39.Qc8+ Kf7 40.Qxc5 e3 41.Qd5+ Ke7 42.Qc5+ Kf7 43.Qd5+

[Event "Sydney International Open 2007"]
[Site "Parramatta"]
[Date "2007.04.12"]
[Round "5"]
[White "Smith, Robert W"]
[Black "Smerdon, David C"]
[Result "0-1"]
[WhiteElo "2294"]
[BlackElo "2456"]
[WhiteACF "2285"]
[BlackACF "2469"]
1.d4 Nf6 2.c4 c5 3.d5 e6 4.Nc3 exd5 5.cxd5 d6 6.e4 g6 7.Bd3 Bg7 8.Nge2 O-O 9.f3 Nbd7 10.O-O Ne5 11.Bc2 h5 12.b3 a6 13.a4 Rb8 14.a5 c4 15.Be3 cxb3 16.Bxb3 Nfd7 17.Ba7 Ra8 18.Bd4 Nc5 19.Bc2 Re8 20.Na4 Nxa4 21.Bxa4 Bd7 22.Bxd7 Qxd7 23.Qb3 Rac8 24.Rfc1 Bh6 25.Rxc8 Qxc8 26.Rb1 h4 27.h3 Bd2 28.Bf2 Bxa5 29.Qxb7 Qc4 30.Nd4 Bc3 31.Nc6 a5 32.Nxe5 Bxe5 33.Qd7 Rc8 34.Bxh4 a4 35.Qb5 a3 36.Qa5 a2 37.Rd1 a1=Q 38.Rxa1 Qd4+

[Event "Sydney International Open 2007"]
[Site "Parramatta"]
[Date "2007.04.12"]
[Round "5"]
[White "Xie, George"]
[Black "Antic, Dejan"]
[Result "*"]
[WhiteElo "2404"]
[BlackElo "2443"]
[WhiteACF "2375"]
[BlackACF "2428"]
1.e4 e6 2.d4 d5 3.Nc3 Nf6 4.Bg5 dxe4 5.Nxe4 Nbd7 6.Nxf6+ Nxf6 7.Nf3 h6 8.Bh4 c5 9.Ne5 a6 10.c3 Qc7 11.Qa4+ Bd7 12.Nxd7 Qxd7 13.Qxd7+ Nxd7 14.d5 exd5 15.O-O-O Nb6 16.a4 g5 17.Bg3 O-O-O 18.Be5 Rg8 19.Bd3 Bd6 20.Bf6 Bf4+ 21.Kc2 Rd6 22.Be7 Rc6 23.a5 Nc4 24.Bf5+ Kb8 25.Rxd5 Nxa5 26.Bxc5 Nc4 27.Be7 Rb6 28.g3

[Event "Sydney International Open 2007"]
[Site "Parramatta"]
[Date "2007.04.12"]
[Round "5"]
[White "Johansen, Darryl K"]
[Black "Chokshi, Manthan"]
[Result "1/2-1/2"]
[WhiteElo "2456"]
[BlackElo "2168"]
[WhiteACF "2467"]
[BlackACF "-"]
1.c4 e6 2.Nc3 d5 3.d4 c6 4.e3 f5 5.b3 Nf6 6.Bb2 Bd6 7.Bd3 Ne4 8.Qc2 Nd7 9.Nf3 a6 10.a4 Qe7 11.O-O O-O 12.Ne2 Rf6 13.Ne5 Rh6 14.g3 Qe8 15.f3 Ng5 16.Nf4 Nf7 17.Nxf7 Qxf7 18.cxd5 cxd5 19.Ba3 Bxa3 20.Rxa3 g5 21.Ne2 Nf6 22.b4 Bd7 23.Rc3 Qh5 24.Rf2 Qe8 25.a5 Bc6 26.Nc1 g4 27.f4 Bb5 28.Bxb5 axb5 29.Rc7 Ne4 30.Re2 Nd6 31.Qc5 Ne4 32.Qe7 Qxe7 33.Rxe7 Rc8 34.Na2 Nd6 35.Rd7 Rc6 36.Kf2 Kf8

[Event "Sydney International Open 2007"]
[Site "Parramatta"]
[Date "2007.04.12"]
[Round "5"]
[White "Ayvazyan, Armen"]
[Black "Mikhalevski, Victor"]
[Result "0-1"]
[WhiteElo "2241"]
[BlackElo "2590"]
[WhiteACF "2241"]
[BlackACF "-"]
1.c4 e5 2.Nc3 Nf6 3.Nf3 Nc6 4.e3 d6 5.d4 Bd7 6.Be2 g6 7.d5 Ne7 8.c5 Bg7 9.Qb3 O-O 10.Qxb7 Rb8 11.Qxa7 Nfxd5 12.Nxd5 Nxd5 13.O-O Nb4 14.cxd6 cxd6 15.Bd2 Nc6 16.Qa3 e4 17.Nd4 Nxd4 18.exd4 Bxd4 19.Qxd6 Be6 20.Bb4 Qf6 21.Rad1 Bxb2 22.Qe7 Qf5 23.Bd6 Rfe8 24.Qh4 Ra8 25.g4 Qa5 26.a3 Bxa3 27.Ra1 Qd2 28.Rxa3 Rxa3 29.Bxa3 Qxe2 30.h3 e3 31.Bb4 Bd5

[Event "Sydney International Open 2007"]
[Site "Parramatta"]
[Date "2007.04.12"]
[Round "5"]
[White "Solomon, Stephen J"]
[Black "Pyke, Malcolm L"]
[Result "1-0"]
[WhiteElo "2430"]
[BlackElo "2235"]
[WhiteACF "2428"]
[BlackACF "2135"]
1.e4 e6 2.d4 d5 3.Nd2 Nf6 4.e5 Nfd7 5.f4 c5 6.c3 Nc6 7.Ndf3 Be7 8.Bd3 f5 9.exf6 Nxf6 10.Ne2 O-O 11.O-O Bd7 12.dxc5 Bxc5+ 13.Kh1 Qc7 14.a3 Rae8 15.Ned4 Bc8 16.Nxc6 bxc6 17.Ne5 Bd6 18.Qe2 c5 19.c4 Bb7 20.Bd2 Bxe5 21.fxe5 Ne4 22.Bxe4 dxe4 23.Bc3 Rxf1+ 24.Rxf1 Rf8 25.Kg1 Rxf1+ 26.Kxf1 a5 27.a4 Qc6 28.b3 Qb6 29.Qc2 g6 30.Ke2 Kf7 31.Kd1 e3 32.Ke2 Bxg2 33.Kxe3 Bh3 34.Qd1 Bf5 35.Kd2 Qd8+ 36.Kc1 Qg5+ 37.Kb2 Qe3 38.Qd2 Qe4 39.Ka3 Ke8 40.Qb2 Qa8 41.Qf2 Qh1 42.h4 h5 43.Qe1 Qg2 44.Bd2 Kf7 45.Bg5 Qa8 46.Qd2 Qb8 47.Qd7+ Kg8 48.Bf6 Qf8 49.Qc7 g5 50.Bxg5 Bb1 51.Bf6 Qh6 52.Qc8+ Kf7 53.Bg5 Qg6 54.Qc7+ Kg8 55.Qxa5 Qc2 56.Qd8+ Kg7 57.Qd7+ Kg8 58.Qxe6+ Kg7 59.Bf6+ Kg6 60.Be7+ Kg7 61.Qf6+ Kg8 62.Qf8+ Kh7 63.Qf7+ Kh8 64.Bf6+

[Event "Sydney International Open 2007"]
[Site "Parramatta"]
[Date "2007.04.12"]
[Round "5"]
[White "Lane, Gary W"]
[Black "Repplinger, Marc"]
[Result "0-1"]
[WhiteElo "2421"]
[BlackElo "2239"]
[WhiteACF "2452"]
[BlackACF "-"]
1.e4 e6 2.d4 d5 3.Nd2 Nf6 4.e5 Nfd7 5.c3 c5 6.Bd3 Nc6 7.Ne2 cxd4 8.cxd4 f6 9.exf6 Nxf6 10.O-O Bd6 11.Nf3 Qd7 12.Bg5 O-O 13.Rc1 h6 14.Bh4 Nh5 15.Bb1 g5 16.Bg3 Nxg3 17.hxg3 Qg7 18.Qd3 Bd7 19.a3 Rf7 20.b4 a6 21.Rcd1 Raf8 22.Rd2 Rf6 23.Nc3 g4 24.Nh4 Ne7 25.Qe3 Qg5 26.Re1 a5 27.Rb2 axb4 28.axb4 Qxe3 29.Rxe3 Kg7 30.b5 Ra8 31.Rb3 Rff8 32.Bd3 Ra4 33.Nb1 Rc8 34.Re1 Kf6 35.Rd1 Bc7 36.Kh2 Bb6 37.Bf1 h5 38.f3 Rc2

[Event "Sydney International Open 2007"]
[Site "Parramatta"]
[Date "2007.04.12"]
[Round "5"]
[White "Ansell, Simon"]
[Black "Chow, Samuel"]
[Result "1/2-1/2"]
[WhiteElo "2402"]
[BlackElo "2220"]
[WhiteACF "-"]
[BlackACF "2278"]
1.e4 e6 2.d3 d5 3.Nd2 c5 4.Ngf3 Nc6 5.g3 Nge7 6.Bg2 g6 7.O-O Bg7 8.Re1 O-O 9.h4 h6 10.e5 f6 11.exf6 Rxf6 12.Nf1 Rf7 13.Ne3 Qd6 14.c4 Kh7 15.Rb1 Bd7 16.b4 cxb4 17.d4 Nf5 18.c5 Qc7 19.Nc2 Raf8 20.Bf4 Qa5 21.Re2 b6 22.cxb6 Qxb6 23.Ne5 Nfxd4 24.Nxd4 Nxd4 25.Rd2 Bxe5 26.Bxe5 Nc6 27.Bf4 Rxf4 28.gxf4 Rxf4 29.h5 Ne5 30.Qe1 Rf5 31.hxg6+ Nxg6 32.Rb3 Rg5 33.Rdd3 Rxg2+ 34.Kxg2 Nf4+ 35.Kg1 Nxd3 36.Rxd3 Qd6 37.Qb1 Kh8 38.Rg3 Be8 39.Qc1 e5 40.Qc8 Qd7 41.Qxd7 Bxd7 42.Rg6 Bb5 43.Rxh6+ Kg7 44.Rd6 Bc4 45.Rd7+ Kf6 46.Rxa7 e4 47.Rb7 Bxa2 48.Rxb4 Bc4 49.Kh2

[Event "Sydney International Open 2007"]
[Site "Parramatta"]
[Date "2007.04.12"]
[Round "5"]
[White "Goldenberg, Igor"]
[Black "Wallis, Christopher"]
[Result "1/2-1/2"]
[WhiteElo "2388"]
[BlackElo "2178"]
[WhiteACF "2368"]
[BlackACF "2178"]
1.d4 d5 2.c4 c6 3.Nf3 Nf6 4.Nc3 dxc4 5.a4 Bf5 6.e3 e6 7.Bxc4 Bb4 8.O-O Nbd7 9.Qe2 Bg6 10.e4 O-O 11.e5 Nd5 12.Nxd5 cxd5 13.Bd3 Bxd3 14.Qxd3 Be7 15.Rd1 Nb8 16.Bd2 Nc6 17.Rac1 Rc8 18.Qb5 Qd7 19.Bg5 h6 20.Bxe7 Qxe7 21.Rc3 Qb4 22.Rdc1 Qxb5 23.axb5 Ne7 24.Ra1 Rxc3 25.bxc3 a6 26.bxa6 Ra8 27.a7 Nc6 28.Kf1 Rxa7 29.Rxa7 Nxa7 30.Ke2 Kf8 31.Kd3 Ke7 32.Kc2 Nc6 33.Nd2 b5 34.Kd3 Na5 35.f4 h5 36.Kc2 Nc6 37.Kd3 Na5 38.g3 g6 39.Kc2 Nc6 40.Nf3 b4 41.cxb4 Nxb4+ 42.Kc3 Nc6 43.Kb3 Na5+ 44.Kb4 Nc4 45.Kc5 Ne3 46.Kb4 Nf5 47.Kc3 Kd7 48.Kd3 Ke7 49.Kd2 Kd7 50.Ke2 Kc6 51.Kd3 Kd7

[Event "Sydney International Open 2007"]
[Site "Parramatta"]
[Date "2007.04.12"]
[Round "5"]
[White "Yu, Ronald"]
[Black "Bjelobrk, Igor"]
[Result "0-1"]
[WhiteElo "2177"]
[BlackElo "2386"]
[WhiteACF "2182"]
[BlackACF "2422"]
1.f4 g6 2.Nf3 Bg7 3.e3 d5 4.Be2 c5 5.O-O Nh6 6.Bb5+ Nd7 7.d3 O-O 8.Bxd7 Bxd7 9.Nbd2 Bb5 10.Qe2 Nf5 11.Kh1 Rc8 12.Re1 Ba6 13.Rb1 Nd6 14.Qf2 c4 15.dxc4 Bxc4 16.Nxc4 Rxc4 17.Re2 Qa5 18.a3 Ne4 19.Qe1 Qb5 20.b3 Rfc8 21.bxc4 Qxb1 22.Nd2 Qxc2 23.Nxe4 Qxc4 24.Bb2 dxe4 25.Bxg7 Qxe2

[Event "Sydney International Open 2007"]
[Site "Parramatta"]
[Date "2007.04.12"]
[Round "5"]
[White "Atzmon-Simon, Barak"]
[Black "Sales, Jesse Noel"]
[Result "1-0"]
[WhiteElo "2157"]
[BlackElo "2361"]
[WhiteACF "2080"]
[BlackACF "2389"]
1.f4 g5 2.fxg5 h6 3.d4 hxg5 4.Bxg5 Bh6 5.Bxh6 Nxh6 6.d5 d6 7.Nc3 c5 8.e4 Qb6 9.Qd2 Qxb2 10.Rb1 Qa3 11.Bb5+ Bd7 12.Nf3 a6 13.Bxd7+ Nxd7 14.Rb3 Qa5 15.Rxb7 Ng4 16.O-O f6 17.Rfb1 Rh7 18.e5 Ngxe5 19.Qe3 Rd8 20.Nxe5 Nxe5 21.a4 Kf8 22.Ra7 Ng4 23.Qg5 c4 24.Rb5 Qxc3

[Event "Sydney International Open 2007"]
[Site "Parramatta"]
[Date "2007.04.12"]
[Round "5"]
[White "Ly, Moulthun"]
[Black "Lazarus, Benjamin"]
[Result "1-0"]
[WhiteElo "2322"]
[BlackElo "2140"]
[WhiteACF "2260"]
[BlackACF "1981"]
1.e4 c5 2.Nf3 d6 3.d4 cxd4 4.Qxd4 a6 5.c4 Nc6 6.Qd2 Nf6 7.Nc3 g6 8.b3 Bg7 9.Bb2 O-O 10.h3 Qa5 11.Bd3 Rb8 12.a3 Be6 13.b4 Qc7 14.Nd5 Bxd5 15.exd5 Ne5 16.Nxe5 dxe5 17.O-O Nh5 18.Rfd1 Rbd8 19.Bf1 Qd7 20.Qe3 f6 21.g3 Rc8 22.c5 Rfd8 23.Rac1 Bf8 24.Qb3 Kh8 25.a4 Ng7 26.b5 axb5 27.axb5 b6 28.cxb6 Rxc1 29.Rxc1 Rb8 30.Rc6 Nf5 31.Bg2 Bh6 32.Qa4 Bd2 33.Qa7 Qd8 34.Qc7 Ba5 35.Qxd8+ Rxd8 36.b7 Nd6 37.Ba3 Nxb7 38.Bxe7 Re8 39.Bxf6+ Kg8 40.d6 Nd8 41.Bd5+ Kf8 42.d7 Re7 43.Bxe7+ Kxe7 44.Ra6 Bc7 45.b6 Bb8 46.Ra8 Bd6 47.b7 Nxb7 48.Bxb7 Kxd7 49.Be4 Ke7 50.Ra7+ Kf6 51.Bd5

[Event "Sydney International Open 2007"]
[Site "Parramatta"]
[Date "2007.04.12"]
[Round "5"]
[White "Oliver, Gareth"]
[Black "Steadman, Michael"]
[Result "1-0"]
[WhiteElo "2110"]
[BlackElo "2273"]
[WhiteACF "2057"]
[BlackACF "2227"]
1.d4 d5 2.c4 dxc4 3.Nf3 Nf6 4.e3 Bg4 5.Bxc4 e6 6.Nc3 a6 7.a4 Nc6 8.h3 Bh5 9.O-O Bd6 10.Be2 O-O 11.b3 h6 12.Bb2 Qe7 13.Nh4 Bxe2 14.Qxe2 Bb4 15.Nf3 Na5 16.Qc2 Rac8 17.Na2 Rfd8 18.Nxb4 Qxb4 19.Bc3 Qb6 20.b4 Nc6 21.Rab1 Nd5 22.Qb2 Nxc3 23.Qxc3 a5 24.b5 Nb4 25.Ne5 c5 26.bxc6 f6 27.Nd3 Qxc6 28.Qxc6 Nxc6 29.Rxb7 e5 30.Nc5 exd4 31.Ne6 Rd5 32.Rfb1 Re5 33.Nxd4 Nxd4 34.exd4 Rd5 35.Ra7 Rc4 36.Rbb7 Rg5 37.f4 Rg6 38.f5 Rg5 39.Rb8+ Kh7 40.g4

[Event "Sydney International Open 2007"]
[Site "Parramatta"]
[Date "2007.04.12"]
[Round "5"]
[White "Hu, Jason"]
[Black "Rej, Tomek"]
[Result "0-1"]
[WhiteElo "2038"]
[BlackElo "2260"]
[WhiteACF "2066"]
[BlackACF "2258"]
1.c4 e6 2.Nf3 d5 3.g3 Nf6 4.Bg2 Be7 5.O-O O-O 6.Qc2 c5 7.cxd5 Nxd5 8.Rd1 Nc6 9.Nc3 Ndb4 10.Qe4 f5 11.Qb1 Nd4 12.a3 Nbc6 13.Qa2 Kh8 14.e3 Nxf3+ 15.Bxf3 e5 16.Qd5 Qe8 17.d3 Qg6 18.Bg2 Be6 19.Qf3 Rad8 20.Qe2 Na5 21.Re1 Rd7 22.Rb1 Nb3 23.Qc2 Rfd8 24.Bf1 a6 25.a4 Qf7 26.Be2 e4 27.dxe4 Rd2 28.Bxd2 Rxd2 29.Qxd2 Nxd2 30.exf5 Qxf5 31.e4 Qf7 32.Rbd1 Nb3 33.Bf1 Nd4 34.Bg2 Bg4 35.Rd3 Qc4 36.Rd2 Qe6 37.Nd5 h6 38.h3 Nf3+ 39.Bxf3 Bxf3 40.Nf4 Qf7 41.Rd7 Kh7 42.Re3 Qe8 43.Rxb7 Bd1 44.b3 Bg5 45.Re1 Bxf4 46.Rxd1 Qxe4 47.Rdd7 Be5 48.Re7 Qb1+ 49.Kg2 Bd4 50.Rf7 Qe4+ 51.Kh2 Qd5 52.Kg1 Kg6 53.Rfd7 Qf3 54.Rf7 Qxf7 55.Rxf7 Kxf7 56.Kg2 Ke6 57.f4 Kd5 58.Kf3 c4 59.bxc4+ Kxc4 60.Ke4 Bc3

[Event "Sydney International Open 2007"]
[Site "Parramatta"]
[Date "2007.04.12"]
[Round "5"]
[White "Shipov, Sergei"]
[Black "Bennett, Hilton"]
[Result "1/2-1/2"]
[WhiteElo "2592"]
[BlackElo "2134"]
[WhiteACF "-"]
[BlackACF "1991"]
1.d4 Nf6 2.c4 g6 3.Nc3 Bg7 4.e4 d6 5.Nf3 O-O 6.Be2 e5 7.Be3 Na6 8.O-O Ng4 9.Bg5 Qe8 10.dxe5 dxe5 11.h3 f6 12.Bd2 Nh6 13.c5 Nxc5 14.Qc1 Nf7 15.Nd5 Ne6 16.Nxc7 Nxc7 17.Qxc7 Nd8 18.b4 Rf7 19.Qc2 Be6 20.Rfc1 a6 21.a4 Rc8 22.Qb2 Rfc7 23.Rxc7 Rxc7 24.b5 axb5 25.axb5 Qd7 26.Ba5 Rc8 27.Rd1 Qe8 28.Rc1 Qd7 29.Rd1 Qe8 30.Nd2 Nf7 31.Bb6 Bf8 32.Nf1 Nd6 33.Nd2 Nf7 34.Be3 Bc5 35.Nf1 Qe7 36.Rc1 Ba3 37.Rxc8+ Bxc8 38.Qc2 Be6 39.Nd2 Kg7 40.b6 Bd6 41.Nb3 Bxb3 42.Qxb3 Bc5 43.Bc4 Bxe3 44.fxe3 Nd6 45.Bd5 Qd8 46.Qb4

[Event "Sydney International Open 2007"]
[Site "Parramatta"]
[Date "2007.04.12"]
[Round "5"]
[White "West, Guy"]
[Black "Hornsgaard, Jens Boe"]
[Result "1-0"]
[WhiteElo "2368"]
[BlackElo "2076"]
[WhiteACF "2326"]
[BlackACF "2040"]
1.e4 e5 2.Bc4 Nf6 3.d3 c6 4.Nf3 d5 5.Bb3 a5 6.a3 Bd6 7.Nc3 dxe4 8.Nxe4 Nxe4 9.dxe4 O-O 10.Ng5 Qf6 11.Qh5 h6 12.Be3 Nd7 13.Rd1 Bc5 14.Nxf7 Rxf7 15.Bxc5 Nxc5 16.Qxf7+ Qxf7 17.Rd8+ Kh7 18.Bxf7

[Event "Sydney International Open 2007"]
[Site "Parramatta"]
[Date "2007.04.12"]
[Round "5"]
[White "Wright, Neil S"]
[Black "Illingworth, Max"]
[Result "0-1"]
[WhiteElo "2217"]
[BlackElo "2007"]
[WhiteACF "2118"]
[BlackACF "1963"]
1.Nf3 Nf6 2.d4 g6 3.Nc3 d5 4.Bf4 Bg7 5.e3 c5 6.Be2 Nc6 7.Ne5 a6 8.O-O O-O 9.dxc5 Qa5 10.Nxd5 Nxd5 11.Qxd5 Nxe5 12.Bxe5 Rd8 13.Qe4 Bf5 14.Qf4 Qxc5 15.Bxg7 Kxg7 16.e4 e5 17.Qf3 Be6 18.Bd3 Rac8 19.c3 Rd6 20.Rfd1 Rcd8 21.h3 Qb6 22.Qe2 R8d7 23.b3 Qd8 24.Bc2 Rd2 25.Rxd2 Rxd2 26.Rd1 Rxe2 27.Rxd8 Rxc2 28.Rb8 Rxa2 29.Rxb7 Ra3 30.c4 Kf6 31.Kh2 a5 32.Rb6 Ke7 33.Ra6 Rxb3 34.Rxa5 Kd6 35.c5+ Kc6 36.f3 Rb5 37.Ra7 Kxc5 38.Kg3 Rb2 39.Ra6 Ra2

[Event "Sydney International Open 2007"]
[Site "Parramatta"]
[Date "2007.04.12"]
[Round "5"]
[White "Dragicevic, Domagoj"]
[Black "Camer, Angelito"]
[Result "1-0"]
[WhiteElo "2196"]
[BlackElo "2028"]
[WhiteACF "2126"]
[BlackACF "2021"]
1.e4 g6 2.d4 d6 3.Nc3 c6 4.Be3 Bg7 5.Qd2 b5 6.Bd3 a5 7.a4 b4 8.Nce2 Ba6 9.Bxa6 Nxa6 10.Ng3 c5 11.Nf3 h5 12.Rd1 h4 13.Ne2 h3 14.g3 c4 15.Nf4 Nf6 16.e5 Ne4 17.Qe2 g5 18.Nd5 e6 19.Qxc4 dxe5 20.Qc6+ Kf8 21.Nb6 Ra7 22.dxe5 Qa8 23.Nxa8

[Event "Sydney International Open 2007"]
[Site "Parramatta"]
[Date "2007.04.12"]
[Round "5"]
[White "Lin, Zhigen Wilson"]
[Black "Tsagarakis, Angelo"]
[Result "1-0"]
[WhiteElo "2189"]
[BlackElo "1901"]
[WhiteACF "2103"]
[BlackACF "1801"]
1.e4 c5 2.Nf3 Nc6 3.Bb5 e6 4.Bxc6 bxc6 5.d3 Ne7 6.Qe2 d5 7.c4 d4 8.e5 Nf5 9.Nbd2 h5 10.Ne4 Be7 11.O-O Bd7 12.Re1 f6 13.Kh1 Qb6 14.Rb1 O-O-O 15.Bd2 a5 16.a3 Kb7 17.Qd1 Ra8 18.b3 Kc8 19.Qc2 Qa7 20.Rb2 Qc7 21.Bf4 Qa7 22.Reb1 Kd8 23.b4 cxb4 24.axb4 a4 25.Ra2 Ke8 26.c5 Kf7 27.Qb2 Qa6 28.Ra3 Qb5 29.Nxd4 Nxd4 30.Qxd4 Rhd8 31.exf6 gxf6 32.Bd6 e5 33.Qe3 Rh8 34.Bxe7 Kxe7 35.Nd6 Qb8 36.d4 Be6 37.dxe5 Qg8 38.exf6+ Kxf6 39.Qf3+ Ke7 40.Re1 Qg4 41.Qf7+ Kd8 42.Qb7

[Event "Sydney International Open 2007"]
[Site "Parramatta"]
[Date "2007.04.12"]
[Round "5"]
[White "Voon, Richard"]
[Black "Suttor, Vincent"]
[Result "0-1"]
[WhiteElo "2023"]
[BlackElo "2153"]
[WhiteACF "1886"]
[BlackACF "2173"]
1.Nf3 Nf6 2.d4 g6 3.c4 Bg7 4.Nc3 d6 5.e4 O-O 6.Be2 e5 7.O-O Nc6 8.d5 Ne7 9.b4 Nh5 10.Re1 f5 11.Ng5 Nf6 12.Bf3 c6 13.a4 h6 14.Ne6 Bxe6 15.dxe6 fxe4 16.Nxe4 Nxe4 17.Bxe4 d5 18.cxd5 cxd5 19.Bc2 Qd6 20.Qg4 e4 21.Rb1 h5 22.Qh3 Rac8 23.Bb3 Rc3 24.Re3 Rxe3 25.Bxe3 Qxb4 26.Bxa7 b6 27.Bc2 Qd2 28.Bxb6 Qxc2 29.Rf1 Qxa4 30.Bc5 Bf6 31.Qg3 h4 32.Qg4 Kg7 33.h3 Qc2 34.Be3 Nf5 35.Bf4 Qc6 36.Rc1 Qxe6 37.Rc7+ Rf7 38.Rc2 Be5 39.Bg5 Bf6 40.Bf4 Ra7 41.g3 Nd4 42.Qxe6 Nxe6 43.Bb8 Rb7 44.Bd6 Rd7 45.Rc6 Nd4 46.Ra6 Nf5 47.Bb8 hxg3 48.fxg3 Rb7 49.Bf4 g5 50.Bd2 Nxg3

[Event "Sydney International Open 2007"]
[Site "Parramatta"]
[Date "2007.04.12"]
[Round "5"]
[White "Smirnov, Vladimir"]
[Black "Christensen, Joshua"]
[Result "1-0"]
[WhiteElo "2319"]
[BlackElo "1605"]
[WhiteACF "2303"]
[BlackACF "1605"]
1.Nf3 d5 2.d3 c5 3.e4 dxe4 4.dxe4 Qxd1+ 5.Kxd1 Nc6 6.c3 Bg4 7.Be3 e6 8.Nd2 O-O-O 9.Kc2 Nf6 10.Bb5 Nb8 11.Ne5 Bh5 12.f3 a6 13.Be2 Nbd7 14.Nec4 b5 15.Na5 Nb6 16.h4 h6 17.g4 Bg6 18.Nc6 Re8 19.Ne5 Bh7 20.Nxf7 Rg8 21.g5 Nh5 22.Rhg1 hxg5 23.Rxg5 Nf6

[Event "Sydney International Open 2007"]
[Site "Parramatta"]
[Date "2007.04.12"]
[Round "5"]
[White "Schon, Eugene"]
[Black "Gutierrez Castillo, Paloma"]
[Result "1/2-1/2"]
[WhiteElo "1914"]
[BlackElo "2176"]
[WhiteACF "1811"]
[BlackACF "-"]
1.e4 e5 2.Nf3 Nc6 3.Bb5 Nf6 4.O-O Nxe4 5.d4 Nd6 6.Bxc6 dxc6 7.dxe5 Nf5 8.Qxd8+ Kxd8 9.Nc3 h6 10.Rd1+ Ke8 11.Ne4 b6 12.Nd4 Nxd4 13.Rxd4 c5 14.Rd1 Be6 15.Nc3 Rd8 16.Be3 a6 17.Rxd8+ Kxd8 18.Rd1+ Kc8 19.a4 a5 20.h3 g5 21.f4 Bg7 22.Re1 gxf4 23.Bxf4 Bf5 24.Re2 Rd8 25.Kf2 Rd4 26.Bg3 Kd7 27.Kf3 Ke6 28.Bf4 c6 29.b3 Bg6 30.g4 h5 31.Kg3 hxg4 32.hxg4 Rd8 33.Nb1 b5 34.Nc3 c4 35.bxc4 bxa4 36.Nxa4 Bf8 37.Be3 Rd1 38.Nc5+ Bxc5 39.Bxc5 Rc1

[Event "Sydney International Open 2007"]
[Site "Parramatta"]
[Date "2007.04.12"]
[Round "5"]
[White "Cunanan, Homer"]
[Black "Jule, Alexandra"]
[Result "1-0"]
[WhiteElo "2150"]
[BlackElo "1909"]
[WhiteACF "-"]
[BlackACF "1612"]
1.e4 e6 2.d4 d5 3.Nc3 Nf6 4.Bg5 dxe4 5.Nxe4 Be7 6.Bxf6 Bxf6 7.Nf3 O-O 8.Bd3 Nd7 9.h4 Be7 10.Qe2 c5 11.Neg5 Nf6 12.O-O-O Qa5 13.Kb1 h6 14.c4 b5 15.Ne5 bxc4 16.Bxc4 Qb6 17.Rh3 a5 18.Rb3 Qc7 19.Ne4 a4 20.Rg3 cxd4 21.Nxf6+ Bxf6 22.Ng4 Qf4 23.Nxf6+ Qxf6 24.Qe4 e5 25.Bd3 g6 26.Qxa8 Bg4 27.Qxa4

[Event "Sydney International Open 2007"]
[Site "Parramatta"]
[Date "2007.04.12"]
[Round "5"]
[White "Broekhuyse, Paul"]
[Black "Guo-Yuthok, Sherab"]
[Result "1-0"]
[WhiteElo "2137"]
[BlackElo "1877"]
[WhiteACF "2135"]
[BlackACF "1798"]
1.d4 Nf6 2.c4 g6 3.Nc3 Bg7 4.e4 d6 5.Nf3 O-O 6.Be2 e5 7.O-O Nc6 8.d5 Ne7 9.b4 Nd7 10.Ne1 f5 11.Nd3 Nf6 12.f3 f4 13.c5 g5 14.a4 Rf7 15.Ba3 Bf8 16.b5 Rg7 17.h3 Nh5 18.a5 Rg6 19.b6 axb6 20.axb6 cxb6 21.cxd6 Rxa3 22.Rxa3 Rxd6 23.Nb5 Rh6 24.Nxe5 Ng3 25.d6 Nc6 26.Bc4+

[Event "Sydney International Open 2007"]
[Site "Parramatta"]
[Date "2007.04.13"]
[Round "6"]
[White "Antic, Dejan"]
[Black "Rogers, Ian"]
[Result "1/2-1/2"]
[WhiteElo "2443"]
[BlackElo "2513"]
[WhiteACF "2428"]
[BlackACF "2621"]
1.d4 Nf6 2.c4 e6 3.Nf3 d5 4.Nc3 Bb4 5.Bg5 Nbd7 6.cxd5 exd5 7.Qc2 O-O 8.a3 Be7 9.e3 c6 10.Bd3 Re8 11.O-O Nf8 12.b4 a6 13.h3 g6 14.Rab1 Ne6 15.Bxf6 Bxf6 16.a4 Ng7 17.b5 a5 18.bxc6 bxc6 19.Ne2 Qd6 20.Nc1 Bd7 21.Nb3 Ne6 22.Rfc1 Reb8 23.Nc5 Nxc5 24.Rxb8+ Qxb8 25.Qxc5 Qb4 26.Qxb4 axb4

[Event "Sydney International Open 2007"]
[Site "Parramatta"]
[Date "2007.04.13"]
[Round "6"]
[White "Smerdon, David C"]
[Black "Timoshenko, Georgy"]
[Result "0-1"]
[WhiteElo "2456"]
[BlackElo "2566"]
[WhiteACF "2469"]
[BlackACF "-"]
1.e4 c5 2.c3 Nf6 3.e5 Nd5 4.d4 cxd4 5.Nf3 Nc6 6.cxd4 d6 7.Bc4 Nb6 8.Bb3 dxe5 9.d5 Na5 10.Nc3 Bg4 11.Ba4+ Nxa4 12.Qxa4+ Bd7 13.Qe4 f6 14.b4 Qc7 15.Bd2 Nc4 16.Rc1 Rc8 17.O-O g6 18.Be3 Bf5 19.Qh4 Nxe3 20.fxe3 Qb6 21.Rfe1 Bg7 22.Na4 Qd8 23.e4 Bd7 24.Nc5 Rc7 25.Qf2 Bh6 26.Nxd7 Rxc1 27.Nc5 Qb6 28.Rxc1 Bxc1 29.Ne1 Qxb4 30.Ned3 Qb1 31.Ne1 Bb2

[Event "Sydney International Open 2007"]
[Site "Parramatta"]
[Date "2007.04.13"]
[Round "6"]
[White "Chandler, Murray G"]
[Black "Atzmon-Simon, Barak"]
[Result "1-0"]
[WhiteElo "2548"]
[BlackElo "2157"]
[WhiteACF "2566"]
[BlackACF "2080"]
1.e4 d6 2.d4 Nf6 3.Nc3 g6 4.Be3 a6 5.Qd2 b5 6.f3 Nbd7 7.a4 b4 8.Nd1 e6 9.Nh3 c5 10.a5 cxd4 11.Bxd4 e5 12.Bf2 d5 13.exd5 Nc5 14.Ne3 Rb8 15.g4 e4 16.g5 Nh5 17.Nc4 exf3 18.O-O-O Bxh3 19.Bxh3 Be7 20.d6 Bxg5 21.d7+ Nxd7 22.Bxd7+ Kf8 23.Be3 h6 24.Rhf1 b3 25.Rxf3 bxc2 26.Kxc2 Rb7 27.Qd5